000 00482nam a2200181Ia 4500
008 240925s9999 xx 000 0 und d
020 _a70587191
082 _a515.35 BRO
100 _aBronson, Richard
245 0 _aSchaums outline Series Differential Equations
250 _a2nd
260 _aNew York:
_bMcGraw-Hill
_c,1994.
300 _axx,650p.
_bNA
_fOriginal
500 _aIncludes Index
600 _aHumanities & Natural Science
650 _aMathematics
942 _cBK
999 _c4041
_d4041